| 000 | 00356cam a2200133ua 4500 | ||
|---|---|---|---|
| 003 | OSt | ||
| 008 | 250108b |||||||| |||| 00| 0 eng d | ||
| 082 |
_a621.384131 _bMUL/MU |
||
| 100 |
_aMullard, . _91798 |
||
| 245 | _aMullard reference manual of transistor circuits / | ||
| 260 |
_aLondon : _bTorringten Place , _c1994. |
||
| 300 | _a307 ; . | ||
| 942 | _cBK | ||
| 999 |
_c3399 _d3399 |
||